000 00609nam a2200205Ia 4500
003 GCL
008 140319s9999 xx 000 0 ara d
040 _aGCL /
_cGCL
082 0 4 _a344.01
_bا ت
100 1 _aاحمد محمد محرز
245 1 0 _aتمويل اسهم العمال فى الشركات /
_cاحمد محمد محرز
260 _a[S.N] :
_bدار النهضة العربية ،
_c889
300 _a209 ص
490 _a
650 0 4 _aالقانون
650 0 4 _aالعمل والعمال
650 0 4 _aالقانون التجارى
650 0 4 _aالشركات
942 _2ddc
_cBK
999 _c53924
_d53924